|
|
|
|
| LEADER |
00000nam0a2200000 4500 |
| 001 |
311254 |
| 005 |
20231102002352.0 |
| 010 |
|
|
|a 9785406037720
|
| 035 |
|
|
|a (RuTPU)RU\TPU\book\336611
|
| 090 |
|
|
|a 311254
|
| 100 |
|
|
|a 20151204d2016 m y0rusy50 ca
|
| 101 |
0 |
|
|a rus
|
| 102 |
|
|
|a RU
|
| 105 |
|
|
|a a j 001zy
|
| 200 |
1 |
|
|a Основы рекламы: прикладные задачи и методы их решения
|e учебное пособие
|f под ред. Д. П. Фролова ; Е. Г. Попковой
|
| 210 |
|
|
|a Москва
|c КноРус
|d 2016
|
| 215 |
|
|
|a 194 с.
|c ил.
|
| 225 |
1 |
|
|a Бакалавриат
|
| 320 |
|
|
|a Библиогр.: с. 180-182.
|
| 320 |
|
|
|a Краткий словарь терминов: с. 173-179.
|
| 330 |
|
|
|a Отражает современные теоретико-методологические основы рекламы. Определено место рекламы в комплексе маркетинга, раскрыт потенциал средств распространения рекламной информации, изложены особенности деятельности рекламных агентств, представлены подходы к оценке эффективности рекламы с использованием статистических и эконометрических методов. Содержит опорные конспекты лекций, полезную информацию о практических аспектах рекламного дела, тесты и темы рефератов, вопросы для самоконтроля, креативные практические задания, выполнение которых предполагает использование рассмотренных методов математическою моделирования.
|
| 606 |
1 |
|
|a Реклама
|2 stltpush
|3 (RuTPU)RU\TPU\subj\24860
|9 49135
|
| 610 |
1 |
|
|a рекламная деятельность
|
| 610 |
1 |
|
|a история
|
| 610 |
1 |
|
|a маркетинг
|
| 610 |
1 |
|
|a рекламная информация
|
| 610 |
1 |
|
|a рекламные агенты
|
| 610 |
1 |
|
|a рекламные кампании
|
| 610 |
1 |
|
|a рекламные сообшения
|
| 610 |
1 |
|
|a потребители
|
| 610 |
1 |
|
|a Web-сайты
|
| 610 |
1 |
|
|a наружная реклама
|
| 610 |
1 |
|
|a эффективность
|
| 610 |
1 |
|
|a учебные пособия
|
| 675 |
|
|
|a 659(075.8)
|v 4
|
| 702 |
|
1 |
|a Фролов
|b Д. П.
|4 340
|
| 702 |
|
1 |
|a Попкова
|b Е. Г.
|4 340
|
| 801 |
|
1 |
|a RU
|b 63413507
|c 20151204
|
| 801 |
|
2 |
|a RU
|b 63413507
|c 20160303
|g RCR
|
| 900 |
|
|
|a Рекламная деятельность
|
| 900 |
|
|
|a Рекламное дело
|
| 900 |
|
|
|a Рекламоведение
|
| 942 |
|
|
|c BK
|
| 959 |
|
|
|a 152/20151203
|d 1
|e 490,00
|f ЧЗГЛ:1
|